000 00522nam a2200217Ia 4500
003 OSt
005 20220928144428.0
006 a|||||r|||| 00| 0
007 ta
008 220927b |||||||| |||| 00| 0 eng d
024 _a68802
037 _cTextual
040 _aSDCL
_cSDCL
_beng
041 _2eng
_aeng
082 _aB25,1, L2
100 _aLarrieu J
_9507732
245 0 _aPrinciples of linear algebra.
260 _c1972
942 _hB25,1, L2
_cTEXL
_2CC
999 _c827240
_d827240